• 首页
  • 本馆介绍
  • 公告通知
  • 最新文献
  • 馆藏检索
  • 电子资源
  • 读者导购
  • 参考咨询
  • 我的图书馆
  • 登录
  • 详细信息显示
  • 放入我的书架
  • 预约/预借图书
  • 作者相关作品
  • 分类相关作品
  • 丛书相关作品
  • 出版社相关作品

书目信息

  • 表格格式
  • 工作单格式
  • 卡片格式
题名:
出国参观考察报告
    
 
作者: ;中国科学技术情报研究所 编
分册: (78)007   英国、瑞典遥感技术
出版信息: 北京   科学技术文献出版社  1978
页数: 62页
开本: 26cm
丛书名:
单 册:
中图分类: TP7
科图分类:
主题词: 科学技术--考察报告--外国 , 遥感技术--外国 , 遥感技术
电子资源:
ISBN:
000 00822nam0 2200265 45
001 0178005215
005 20060728165548.92
010    @dCNY0.45
091    @a15176.288
100    @a19950725d1978 em y0chiy0121 ea
101 0  @achi
102    @aCN@b110000
105    @ay z 000yy
200 10 @a出国参观考察报告@Achu guo can guan kao cha bao gao@h(78)007@i英国、瑞典遥感技术@f中国科学技术情报研究所编
210    @a北京@c科学技术文献出版社@d1978
215    @a62页@d26cm
300    @a内部发行
517 1  @a英国瑞典遥感技术@Aying guo rui dian yao gan ji shu
606    @a科学技术@x考察报告@y外国
606    @a遥感技术@y外国
606 0  @a遥感技术
690    @aTP7@v3
711 02 @a中国科学技术情报研究所@Azhong guo ke xue ji shu qing bao yan jiu suo@4编
801  0 @aCN@bTSSF@c20060728
905    @a10447@dTP7@e18
    
    出国参观考察报告.(78)007.英国、瑞典遥感技术/中国科学技术情报研究所编.-北京:科学技术文献出版社,1978
    62页;26cm
    内部发行
    
    ISBN :CNY0.45
    
●
相关链接 在E读中查询图书 在五车中查询图书 在当当中查询图书 在豆瓣中查询图书


正题名:出国参观考察报告     索取号:TP7/18         预约/预借

序号 登录号 条形码 馆藏地/架位号 状态 备注
1 0439011   204390113   密集书库/ [索取号:TP7/18] 在馆    
唐山师范学院图书馆 欢迎您!
大连网信软件有限公司© 版权所有